Office trends (Record no. 110583)

MARC details
000 -LEADER
fixed length control field 00988cad a22002295a 4500
001 - CONTROL NUMBER
control field E149655
008 - FIXED-LENGTH DATA ELEMENTS--GENERAL INFORMATION
fixed length control field 100401s2010 xxkd f s 000 0 eng d
035 ## - SYSTEM CONTROL NUMBER
System control number (Sirsi) u149655
041 0# - LANGUAGE CODE
Language code of text/sound track or separate title eng
050 04 - LIBRARY OF CONGRESS CALL NUMBER
Classification number 333.33 $2 18
110 2# - MAIN ENTRY--CORPORATE NAME
Corporate name or jurisdiction name as entry element Drivers Jonas
9 (RLIN) 1941
245 00 - TITLE STATEMENT
Title Office trends
Remainder of title UK key cities 2010
Medium [electronic resource]
260 ## - PUBLICATION, DISTRIBUTION, ETC.
Place of publication, distribution, etc. London
Name of publisher, distributor, etc. Drivers Jonas
Date of publication, distribution, etc. 2010
490 #0 - SERIES STATEMENT
Series statement Drivers Jonas Office Trends
Volume/sequential designation 2010
520 ## - SUMMARY, ETC.
Summary, etc. Suggests that London will lead the way in terms of occupational market recovery, and forecasts double digit rental growth for the City. Predicts that yield levels will harden in the UK investment market, but the road to recovery may be a bumpy one.
521 ## - TARGET AUDIENCE NOTE
Target audience note Advanced
590 ## - LOCAL NOTE (RLIN)
Local note KA
651 #4 - SUBJECT ADDED ENTRY--GEOGRAPHIC NAME
Geographic name United Kingdom
Chronological subdivision
690 ## - LOCAL SUBJECT ADDED ENTRY--TOPICAL TERM (OCLC, RLIN)
Topical term or geographic name as entry element PROPERTY-COMMERCIAL PROPERTY-COMMERCIAL PROPERTY MARKET
856 40 - ELECTRONIC LOCATION AND ACCESS
Uniform Resource Identifier <a href="https://www.djdeloitte.co.uk/uk.aspx?doc=37319">https://www.djdeloitte.co.uk/uk.aspx?doc=37319</a>
Public note View the item free of charge (registration necessary) at www.djdeloitte.co.uk
942 ## - ADDED ENTRY ELEMENTS (KOHA)
Suppress in OPAC 0
Holdings
Withdrawn status Lost status Source of classification or shelving scheme Damaged status Not for loan Home library Current library Shelving location Date acquired Total Checkouts Full call number Barcode Date last seen Copy number Price effective from Koha item type
    Dewey Decimal Classification     Virtual Virtual Online 01/04/2010   ONLINE PUBLICATION 149655-2001 06/08/2019 1 06/08/2019 Book